| 000 | 00575nam a2200181Ia 4500 | ||
|---|---|---|---|
| 008 | 090123s9999 xx 000 0 und d | ||
| 082 | _b18750 | ||
| 100 | _aमेहेत्रे अलका | ||
| 245 | _aदिवाळीची मज्जा | ||
| 250 | _a0 | ||
| 300 | _a63 | ||
| 600 | _aमेहेत्रे अलका | ||
| 630 | _aदिवाळीची मज्जा | ||
| 700 | _aमेहेत्रे अलका | ||
| 700 | _aमेहेत्रे अलका | ||
| 730 | _aदिवाळीची मज्जा | ||
| 942 | _cBOOK | ||
| 999 |
_c56814 _d56814 |
||